Экология производства: научно-практический журнал для промышленных экологов

Detaylı Bibliyografya
Müşterek Yazar: Российская Федерация Министерство природных ресурсов и экологии
Özet:Электронная подписка НТБ на журнал: 2022-2023 Одновременно может работать 1 пользователь. Доступ по логину и паролю, запросить по e-mail: alexhom06@tpu.ru
Цель выпуска журнала "Экология производства" - снижение негативного воздействия на окружающую среду. Публикуются статьи с анализом НПА природоохранного законодательства, технологиями по очистке воды и воздуха, переработке отходов.
Dil:Rusça
Baskı/Yayın Bilgisi: Москва, Отраслевые ведомости, 2004-
Konular:
Online Erişim:Официальный сайт журнала
Доступ по логину и паролю, запросить по e-mail: alexhom06@tpu.ru. Одновременно может работать 1 пользователь.
Materyal Türü: Elektronik Süreli
KOHA link:https://koha.lib.tpu.ru/cgi-bin/koha/opac-detail.pl?biblionumber=587886

MARC

LEADER 00000nas1a2200000 4500
001 587886
005 20250328102400.0
011 |a 2078-3981 
035 |a (RuTPU)RU\TPU\prd\290587 
035 |a RU\TPU\prd\288013 
090 |a 587886 
100 |a 20221117a20049999km|y0rusy50 ca 
101 0 |a rus 
102 |a RU 
110 |a afaz|||0yy0 
200 1 |a Экология производства  |e научно-практический журнал для промышленных экологов  |f Министерство природных ресурсов и экологии Российской Федерации 
210 |a Москва  |c Отраслевые ведомости  |d 2004- 
300 |a Электронная подписка НТБ на журнал: 2022-2023 Одновременно может работать 1 пользователь. Доступ по логину и паролю, запросить по e-mail: alexhom06@tpu.ru 
305 |a Издается с 2004 г. 
326 |a Периодичность - 12 номеров в год 
330 |a Цель выпуска журнала "Экология производства" - снижение негативного воздействия на окружающую среду. Публикуются статьи с анализом НПА природоохранного законодательства, технологиями по очистке воды и воздуха, переработке отходов. 
606 1 |a Промышленная экология  |2 stltpush  |3 (RuTPU)RU\TPU\subj\52249  |9 70735 
675 |a 504.064  |v 3 
712 2 |a Российская Федерация  |b Министерство природных ресурсов и экологии  |c (2008- )  |9 88465 
801 2 |a RU  |b 63413507  |c 20221117  |g RCR 
856 4 |u https://www.ecoindustry.ru/  |z Официальный сайт журнала 
856 4 |u https://mag.ecoindustry.ru/  |z Доступ по логину и паролю, запросить по e-mail: alexhom06@tpu.ru. Одновременно может работать 1 пользователь. 
942 |c CF